000 00359nam a2200145Ia 4500
008 191201s2013 xx 000 0 und d
082 _a371.234
_bSHQ
100 _aSHARMA, Arun
245 0 _aHow to Prepare for Quantitative Aptitude for the CAT
250 _aRep
260 _aN.Delhi
_bTMH
_c2013
300 _a639
650 _aB.Tech(IT)
942 _2ddc
_cBK
999 _c5556
_d5556